[Event "First Saturday 2008 oktober FM-A"]
[Site "?"]
[Date "2008.10.04"]
[Round "1"]
[White "Lantos, Attila"]
[Black "Yefimov, Mstislav"]
[Result "1-0"]
[WhiteElo "1957"]
[BlackElo "1978"]
[PlyCount "71"]
[EventDate "2008.10.04"]

1. e4 c5 2. Nf3 e6 3. d4 cxd4 4. Nxd4 a6 5. Bd3 Bc5 6. Nb3 Be7 7. O-O d6 8. Nc3
Qc7 9. Qg4 g6 10. f4 Nd7 11. Be3 b6 12. Rae1 Bb7 13. Qh3 Ngf6 14. a4 h5 15. Bf2
O-O-O 16. a5 Ng4 17. Bd4 Bf6 18. e5 dxe5 19. axb6 Nxb6 20. fxe5 Bxe5 21. Bxe5
Nxe5 22. Rxe5 Qxe5 23. Qh4 Nd5 24. Be4 f5 25. Bf3 Kb8 26. Re1 Qf4 27. Qf2 Nxc3
28. bxc3 e5 29. Qb6 e4 30. Nc5 Rh7 31. Qxd8+ Ka7 32. Qd4 Ka8 33. Rb1 Qg5 34.
Be2 Bc6 35. Nxa6 Rb7 36. Ra1 1-0

[Event "First Saturday 2008 oktober FM-A"]
[Site "?"]
[Date "2008.10.04"]
[Round "1"]
[White "Cilia Vincenti, David"]
[Black "Jensen, Leif"]
[Result "1-0"]
[WhiteElo "2108"]
[BlackElo "2036"]
[PlyCount "77"]
[EventDate "2008.10.04"]

1. d4 d5 2. c4 c6 3. Nc3 Nf6 4. e3 e6 5. Nf3 Nbd7 6. Bd3 Bb4 7. Bd2 O-O 8. O-O
Bxc3 9. Bxc3 Re8 10. b3 b6 11. Ne5 Nxe5 12. dxe5 Nd7 13. cxd5 cxd5 14. f4 Nc5
15. Bxh7+ Kxh7 16. Qh5+ Kg8 17. Rf3 Kf8 18. Be1 Ke7 19. Bh4+ f6 20. Rg3 Kd7 21.
Rxg7+ Kc6 22. Bxf6 Rh8 23. Qf7 Qd7 24. b4 Nd3 25. Qg6 Qxg7 26. Bxg7 Rg8 27. b5+
Kc7 28. Qxd3 Rxg7 29. Qc3+ Kd8 30. Qc6 Bb7 31. Qd6+ Ke8 32. Qxe6+ Kf8 33. Rc1
d4 34. e4 Bxe4 35. Rc8+ Rxc8 36. Qxc8+ Kf7 37. e6+ Kf6 38. Qf8+ Kg6 39. e7 1-0

[Event "First Saturday 2008 oktober FM-A"]
[Site "?"]
[Date "2008.10.04"]
[Round "1"]
[White "Borda, Lajos"]
[Black "Ignacz, Rozsa"]
[Result "0-1"]
[WhiteElo "2167"]
[BlackElo "2061"]
[PlyCount "92"]
[EventDate "2008.10.04"]

1. d4 Nf6 2. c4 e6 3. Nf3 b6 4. g3 Ba6 5. Qc2 Bb7 6. Nc3 c5 7. dxc5 bxc5 8. Bg2
Be7 9. O-O O-O 10. e4 d6 11. e5 dxe5 12. Nxe5 Bxg2 13. Kxg2 Qc7 14. Qe2 Nc6 15.
Nxc6 Qxc6+ 16. Kg1 Rfd8 17. Bf4 Ne8 18. Rad1 Nd6 19. Bxd6 Rxd6 20. Rxd6 Bxd6
21. Rd1 Rd8 22. Qe4 Qb6 23. Nb5 g6 24. Nxd6 Rxd6 25. Rxd6 Qxd6 26. Qa8+ Kg7 27.
Qxa7 Qd1+ 28. Kg2 Qd4 29. Qa3 Qxc4 30. Qc3+ Qxc3 31. bxc3 Kf6 32. f4 Ke7 33.
Kf3 Kd6 34. Ke4 f5+ 35. Ke3 e5 36. fxe5+ Kxe5 37. Kd3 g5 38. Ke3 Kd5 39. Kd3
Ke5 40. Kc4 Ke4 41. a4 f4 42. a5 f3 43. Kxc5 f2 44. Kb6 f1=Q 45. a6 Qf2+ 46.
Kb7 Qb2+ 0-1

[Event "First Saturday 2008 oktober FM-A"]
[Site "?"]
[Date "2008.10.04"]
[Round "1"]
[White "Henrichsen, Jens"]
[Black "Cox, Tristan A"]
[Result "0-1"]
[WhiteElo "1987"]
[BlackElo "2133"]
[PlyCount "50"]
[EventDate "2008.10.04"]

1. d4 d5 2. c4 e6 3. Nf3 Nf6 4. Nc3 Bb4 5. Bg5 O-O 6. e3 c5 7. Qc2 Nbd7 8. Rd1
Qa5 9. Nd2 b5 10. Bxf6 Nxf6 11. cxd5 cxd4 12. Nb3 Bxc3+ 13. bxc3 Qxc3+ 14. Qxc3
dxc3 15. Bxb5 Rb8 16. Bc6 exd5 17. Rc1 d4 18. exd4 a5 19. Rxc3 a4 20. Nc1 Ba6
21. Bxa4 Rb4 22. Bd1 Nd5 23. Ra3 Re8+ 24. Be2 Bxe2 25. Nxe2 Rb2 0-1

[Event "First Saturday 2008 oktober FM-A"]
[Site "?"]
[Date "2008.10.04"]
[Round "1"]
[White "Tesik, Csaba"]
[Black "Teglas, Balazs"]
[Result "0-1"]
[WhiteElo "2093"]
[BlackElo "2173"]
[PlyCount "116"]
[EventDate "2008.10.04"]

1. e4 c5 2. Nf3 g6 3. d4 Bg7 4. dxc5 Qa5+ 5. c3 Qxc5 6. Be3 Qc7 7. g3 Nf6 8.
Nfd2 d6 9. h3 d5 10. Bg2 Nxe4 11. Nxe4 dxe4 12. Bxe4 O-O 13. Bg2 Bf5 14. O-O
Nc6 15. Nd2 Rad8 16. Qa4 Bd3 17. Rfe1 a5 18. Bxc6 bxc6 19. Nc4 Rd5 20. Rad1 Rb8
21. Rxd3 Rxd3 22. Bf4 e5 23. Nxe5 Bxe5 24. Bxe5 Qe7 25. Qe4 Rbd8 26. Bf4 Qxe4
27. Rxe4 Rd1+ 28. Kg2 Rb1 29. b3 Rb2 30. Ra4 Re8 31. Rxa5 Ree2 32. Kf3 Rxf2+
33. Ke3 Rxa2 34. Rc5 Rfe2+ 35. Kd3 Re6 36. Rc4 Kf8 37. Rb4 Ra8 38. Rb7 Ke8 39.
h4 Rd8+ 40. Kc4 Rd5 41. b4 Re4+ 42. Kb3 Rb5 43. Rc7 Rb6 44. Bd6 Re6 45. Bf4 Rb5
46. Rc8+ Kd7 47. Rc7+ Ke8 48. Rc8+ Ke7 49. Rc7+ Kf6 50. Kc4 Rf5 51. Kd4 Kg7 52.
Rc8 h6 53. Bb8 g5 54. hxg5 hxg5 55. c4 Kf6 56. Bc7 Ke7 57. Rg8 Kd7 58. Bb8 Re8
0-1

[Event "First Saturday 2008 oktober FM-A"]
[Site "?"]
[Date "2008.10.04"]
[Round "1"]
[White "Csapo, Zoltan"]
[Black "Torok, Tamas Titusz"]
[Result "1-0"]
[WhiteElo "2107"]
[BlackElo "2109"]
[PlyCount "87"]
[EventDate "2008.10.04"]

1. e4 c5 2. Nf3 e6 3. Qe2 Nc6 4. c3 d5 5. d3 dxe4 6. dxe4 e5 7. Na3 h6 8. Nc4
Bd6 9. Be3 Qe7 10. Nxd6+ Qxd6 11. Qb5 Nge7 12. Bxc5 Qf6 13. Bxe7 Qxe7 14. Bc4
Bd7 15. Bd5 Rb8 16. Bxc6 Bxc6 17. Qxe5 Qxe5 18. Nxe5 Bxe4 19. O-O Bf5 20. Rfd1
Ke7 21. Rd4 Rhd8 22. Rad1 Rxd4 23. Rxd4 Rc8 24. f4 f6 25. Nf3 a6 26. Rb4 Rc7
27. Nd4 Bb1 28. a4 f5 29. Rb6 Be4 30. Re6+ Kf7 31. Re5 g6 32. g4 Kf6 33. gxf5
gxf5 34. Re6+ Kf7 35. Rxh6 Rc4 36. Kf2 Rxa4 37. Nf3 Bxf3 38. Kxf3 b5 39. Rd6
Ra2 40. Rd2 a5 41. Ke3 Ke6 42. Kd3 a4 43. Kc2 Ra1 44. Rd1 1-0

[Event "First Saturday 2008 oktober FM-A"]
[Site "?"]
[Date "2008.10.05"]
[Round "2"]
[White "Yefimov, Mstislav"]
[Black "Torok, Tamas Titusz"]
[Result "1/2-1/2"]
[WhiteElo "1978"]
[BlackElo "2109"]
[PlyCount "75"]
[EventDate "2008.10.04"]

1. d4 c5 2. d5 e5 3. c4 d6 4. Nc3 Be7 5. e3 f5 6. Nf3 Nh6 7. Be2 O-O 8. O-O Nf7
9. a3 Nd7 10. Nd2 g5 11. b4 b6 12. Bb2 Bf6 13. e4 f4 14. Bg4 Bg7 15. g3 Nf6 16.
Bxc8 Qxc8 17. gxf4 gxf4 18. Kh1 Qh3 19. Qf3 Qh4 20. Rg1 Kh8 21. Nb5 Rfc8 22.
Rg2 Bf8 23. Rag1 a6 24. Nc3 Bh6 25. Na4 Rab8 26. b5 a5 27. Qe2 Re8 28. Nc3 Qh3
29. Nf3 Rg8 30. Rxg8+ Rxg8 31. Na4 Nd7 32. Rxg8+ Kxg8 33. Nd2 Ng5 34. f3 Qh4
35. Nf1 Qh3 36. Nd2 Qh4 37. Nf1 Kf8 38. Bc3 1/2-1/2

[Event "First Saturday 2008 oktober FM-A"]
[Site "?"]
[Date "2008.10.05"]
[Round "2"]
[White "Teglas, Balazs"]
[Black "Csapo, Zoltan"]
[Result "0-1"]
[WhiteElo "2173"]
[BlackElo "2107"]
[PlyCount "62"]
[EventDate "2008.10.04"]

1. d4 Nf6 2. c4 g6 3. Nc3 Bg7 4. e4 d6 5. f3 O-O 6. Be3 a6 7. Qd2 e5 8. d5 c6
9. Nge2 cxd5 10. cxd5 b5 11. g4 Nbd7 12. Ng3 Nb6 13. h4 b4 14. Nd1 Bxg4 15.
fxg4 Nxg4 16. Be2 Nxe3 17. Nxe3 Bh6 18. Qd3 Nd7 19. Nc4 Nc5 20. Qf3 Bf4 21. Bd3
Kh8 22. Bc2 Rc8 23. b3 Rc7 24. Ne2 Bh6 25. Ng3 f5 26. exf5 e4 27. Qg4 Qf6 28.
O-O gxf5 29. Qe2 Rg7 30. Kf2 Rfg8 31. Rg1 Qd4+ 0-1

[Event "First Saturday 2008 oktober FM-A"]
[Site "?"]
[Date "2008.10.05"]
[Round "2"]
[White "Cox, Tristan A"]
[Black "Tesik, Csaba"]
[Result "1/2-1/2"]
[WhiteElo "2133"]
[BlackElo "2093"]
[PlyCount "134"]
[EventDate "2008.10.04"]

1. c4 g6 2. d4 Nf6 3. Nc3 Bg7 4. e4 d6 5. Nf3 O-O 6. Be2 e5 7. O-O Nh5 8. dxe5
dxe5 9. Qxd8 Rxd8 10. Bg5 f6 11. Rfd1 Rxd1+ 12. Rxd1 Nc6 13. Be3 Be6 14. Nd5
Rd8 15. Ne7+ Kf7 16. Nxc6 Rxd1+ 17. Bxd1 bxc6 18. Nd2 a6 19. Ba4 Bf8 20. Bxc6
Bb4 21. b3 Nf4 22. Bd5 Ne2+ 23. Kf1 Nc1 24. Nb1 Nxa2 25. Ke2 Nc3+ 26. Nxc3 Bxc3
27. Kd3 Bb4 28. c5 Ba5 29. Kc4 c6 30. Bxe6+ Kxe6 31. Bc1 Bc7 32. Kb4 Kd7 33. g3
g5 34. h3 Ke6 35. Bd2 Kd7 36. Ka4 Kc8 37. Bc3 h6 38. Bd2 Kb8 39. Kb4 Kc8 40.
Kc4 Kd7 41. Kd3 Ke7 42. Ke3 Ke6 43. Kf3 h5 44. Ke3 Ke7 45. Be1 Ke6 46. Bc3 Ke7
47. Kf3 Kf7 48. Bd2 Ke6 49. Be1 Kf7 50. Ke3 Ke6 51. f3 Kf7 52. Kf2 Kg6 53. Bd2
Kf7 54. f4 Bd8 55. Kf3 Ke6 56. Bc3 Bc7 57. Bd2 Bd8 58. f5+ Kf7 59. h4 g4+ 60.
Ke3 Be7 61. Bb4 Ke8 62. Kd3 Kd7 63. Kc4 Bd8 64. Bd2 Kc8 65. Kb4 Be7 66. Be3 Kb7
67. Ka4 Bf8 1/2-1/2

[Event "First Saturday 2008 oktober FM-A"]
[Site "?"]
[Date "2008.10.05"]
[Round "2"]
[White "Ignacz, Rozsa"]
[Black "Henrichsen, Jens"]
[Result "1-0"]
[WhiteElo "2061"]
[BlackElo "1987"]
[PlyCount "83"]
[EventDate "2008.10.04"]

1. d4 Nf6 2. c4 e6 3. Nc3 Bb4 4. e3 c5 5. Nge2 cxd4 6. exd4 O-O 7. a3 Be7 8.
Nf4 d5 9. cxd5 Nxd5 10. Ncxd5 exd5 11. Bd3 Nc6 12. O-O Bf6 13. Be3 g6 14. Rc1
Qd6 15. Rc5 Be6 16. Nxe6 fxe6 17. Be2 Bg7 18. Bg4 b6 19. Rc2 Na5 20. Qd3 Nc4
21. Rfc1 e5 22. dxe5 Nxe5 23. Qd1 Rad8 24. Be2 d4 25. Bg5 d3 26. Bxd8 Rxd8 27.
Rc8 Bh6 28. Qb3+ Kg7 29. R1c7+ Kf6 30. Bd1 Rxc8 31. Rxc8 d2 32. Qc3 Ke7 33.
Qc7+ Qxc7 34. Rxc7+ Kd6 35. Rxh7 Bg5 36. Kf1 a5 37. h4 Bf6 38. Ke2 b5 39. b3 a4
40. Kxd2 b4 41. axb4 a3 42. Ra7 1-0

[Event "First Saturday 2008 oktober FM-A"]
[Site "?"]
[Date "2008.10.05"]
[Round "2"]
[White "Jensen, Leif"]
[Black "Borda, Lajos"]
[Result "1/2-1/2"]
[WhiteElo "2036"]
[BlackElo "2167"]
[PlyCount "62"]
[EventDate "2008.10.04"]

1. e4 c5 2. g3 d5 3. d3 Nc6 4. c3 Nf6 5. Bg2 dxe4 6. dxe4 Qxd1+ 7. Kxd1 Ng4 8.
Nh3 e5 9. f3 Nf6 10. Kc2 b5 11. Be3 Bb7 12. Nd2 Rc8 13. Rad1 Be7 14. Kb1 Nd7
15. Nf2 c4 16. Bh3 Rc7 17. b4 Bc8 18. Kc2 O-O 19. a4 bxa4 20. Ra1 Nb6 21. Bxb6
axb6 22. Rxa4 b5 23. Raa1 Rd8 24. Bxc8 Rcxc8 25. Rhd1 g6 26. Nf1 Rxd1 27. Nxd1
Rc7 28. Nde3 Ra7 29. Rxa7 Nxa7 30. Nd5 Bd8 31. Nfe3 f6 1/2-1/2

[Event "First Saturday 2008 oktober FM-A"]
[Site "?"]
[Date "2008.10.05"]
[Round "2"]
[White "Lantos, Attila"]
[Black "Cilia Vincenti, David"]
[Result "1/2-1/2"]
[WhiteElo "1957"]
[BlackElo "2108"]
[PlyCount "70"]
[EventDate "2008.10.04"]

1. e4 c5 2. Nf3 e6 3. d4 cxd4 4. Nxd4 Nc6 5. Nxc6 bxc6 6. Bd3 d5 7. O-O Nf6 8.
exd5 cxd5 9. Nc3 Bd6 10. Nb5 Bb8 11. Nd4 Bd7 12. f4 O-O 13. Kh1 Re8 14. Nf3 Qb6
15. a4 a5 16. Ne5 Bd6 17. Qf3 Re7 18. b3 Bc5 19. Bd2 Bc8 20. f5 exf5 21. Nc4
Qa7 22. Nxa5 Qc7 23. b4 Ne4 24. Bf4 Bd6 25. Nb3 g5 26. Bxd6 Qxd6 27. b5 f4 28.
Bxe4 dxe4 29. Qh5 Re5 30. Rad1 Qe7 31. Nd4 Bb7 32. Nc6 Bxc6 33. bxc6 Rd8 34.
Rxd8+ Qxd8 35. Rd1 Rd5 1/2-1/2

[Event "First Saturday 2008 oktober FM-A"]
[Site "?"]
[Date "2008.10.06"]
[Round "3"]
[White "Cilia Vincenti, David"]
[Black "Yefimov, Mstislav"]
[Result "1/2-1/2"]
[WhiteElo "2108"]
[BlackElo "1978"]
[PlyCount "57"]
[EventDate "2008.10.04"]

1. d4 d5 2. c4 e6 3. Nc3 Be7 4. cxd5 exd5 5. Qc2 g6 6. Bf4 c6 7. e3 Bf5 8. Qd2
Nf6 9. Nge2 O-O 10. Ng3 Be6 11. Bd3 Nbd7 12. O-O Re8 13. f3 Nb6 14. Be2 Qd7 15.
Rad1 Rad8 16. e4 dxe4 17. fxe4 Bg4 18. Bxg4 Qxg4 19. h3 Qe6 20. e5 Nfd5 21.
Nxd5 Rxd5 22. Bg5 c5 23. Qf4 Bxg5 24. Qxg5 Rxd4 25. Rxd4 cxd4 26. Nf5 Kh8 27.
Nd6 Re7 28. Rf6 Qd7 29. Qh6 1/2-1/2

[Event "First Saturday 2008 oktober FM-A"]
[Site "?"]
[Date "2008.10.06"]
[Round "3"]
[White "Borda, Lajos"]
[Black "Lantos, Attila"]
[Result "1/2-1/2"]
[WhiteElo "2167"]
[BlackElo "1957"]
[PlyCount "49"]
[EventDate "2008.10.04"]

1. d4 Nf6 2. c4 c5 3. d5 d6 4. Nc3 e5 5. e4 g6 6. g3 a6 7. a4 Nbd7 8. Be2 Bg7
9. Be3 Qa5 10. Qc2 Rb8 11. Ra3 Qd8 12. h4 b6 13. g4 h6 14. f3 Nf8 15. Nh3 N6h7
16. Qd2 Bf6 17. Bxh6 Bxh4+ 18. Kf1 Rb7 19. Nd1 g5 20. Bxf8 Kxf8 21. Ne3 f6 22.
Nf5 Bxf5 23. exf5 a5 24. Kg2 Rg7 25. Bd3 1/2-1/2

[Event "First Saturday 2008 oktober FM-A"]
[Site "?"]
[Date "2008.10.06"]
[Round "3"]
[White "Tesik, Csaba"]
[Black "Ignacz, Rozsa"]
[Result "1/2-1/2"]
[WhiteElo "2093"]
[BlackElo "2061"]
[PlyCount "96"]
[EventDate "2008.10.04"]

1. e4 c6 2. Ne2 d5 3. e5 Bf5 4. d4 e6 5. Ng3 Bg6 6. Bd3 Bxd3 7. Qxd3 Ne7 8. Be3
Qc7 9. O-O Nd7 10. f4 c5 11. c3 Nc6 12. Nd2 cxd4 13. cxd4 Nb4 14. Qe2 Qc2 15.
a3 Nd3 16. b3 g6 17. Rfd1 Rc8 18. Nf3 Qxe2 19. Nxe2 Rc2 20. Rxd3 Rxe2 21. Rc3
b5 22. Kf1 Rxe3 23. Rxe3 Kd8 24. Ng5 Ke7 25. Rc3 h6 26. Nf3 Kd8 27. a4 Bb4 28.
Rc6 bxa4 29. Rxa4 a5 30. Ne1 Nb8 31. Rc2 Kd7 32. Nd3 Nc6 33. Nxb4 axb4 34. Rd2
g5 35. Kf2 gxf4 36. Kf3 h5 37. Rd3 f6 38. exf6 Rf8 39. Rd2 Rxf6 40. Ra8 Kd6 41.
Kf2 Rf7 42. Ra6 Rc7 43. Kf3 e5 44. Rb6 Ke6 45. Rc2 Kd7 46. Rbxc6 e4+ 47. Kxf4
Rxc6 48. Rb2 Ke6 1/2-1/2

[Event "First Saturday 2008 oktober FM-A"]
[Site "?"]
[Date "2008.10.06"]
[Round "3"]
[White "Torok, Tamas Titusz"]
[Black "Teglas, Balazs"]
[Result "1-0"]
[WhiteElo "2109"]
[BlackElo "2173"]
[PlyCount "96"]
[EventDate "2008.10.04"]

1. b3 e5 2. Bb2 Nc6 3. c4 Bc5 4. e3 Nge7 5. a3 Ng6 6. Nc3 O-O 7. Nf3 Re8 8. Qc2
a5 9. Be2 d6 10. O-O-O Ba7 11. Rhg1 f5 12. d3 f4 13. d4 fxe3 14. fxe3 Bg4 15.
Nb5 e4 16. Ne1 Bxe2 17. Qxe2 d5 18. g3 Nce7 19. h4 c6 20. Nxa7 Rxa7 21. c5 Rf8
22. Ng2 Nf5 23. h5 Nh8 24. g4 Nh4 25. Nxh4 Qxh4 26. Rdf1 Raa8 27. Bc3 Rxf1+ 28.
Rxf1 Nf7 29. Qg2 Qe7 30. Be1 b6 31. cxb6 Rb8 32. Qb2 Rxb6 33. Bxa5 Rb5 34. Bb4
Qd7 35. Qf2 h6 36. Qf5 Qxf5 37. Rxf5 Rb7 38. Kc2 Kh7 39. Kc3 Ng5 40. Rf8 Nf3
41. Bd6 Rd7 42. Bf4 Ra7 43. a4 Ne1 44. Rc8 Ng2 45. Rxc6 Nxf4 46. exf4 Re7 47.
Kd2 e3+ 48. Ke2 Rb7 1-0

[Event "First Saturday 2008 oktober FM-A"]
[Site "?"]
[Date "2008.10.07"]
[Round "4"]
[White "Yefimov, Mstislav"]
[Black "Teglas, Balazs"]
[Result "0-1"]
[WhiteElo "1978"]
[BlackElo "2173"]
[PlyCount "80"]
[EventDate "2008.10.04"]

1. d4 c5 2. d5 e6 3. c4 Nf6 4. Nc3 exd5 5. cxd5 d6 6. e4 Nbd7 7. Be2 a6 8. a4
h6 9. f4 Be7 10. Nf3 O-O 11. O-O Qc7 12. Nd2 Rb8 13. Qc2 c4 14. Bxc4 Ng4 15.
Nd1 b5 16. axb5 axb5 17. Bd3 Qb6+ 18. Kh1 f5 19. h3 Ngf6 20. Nc3 fxe4 21. Bxb5
Nc5 22. b4 Na6 23. Nc4 Qc7 24. Qa4 Bd7 25. Bxd7 Qxc4 26. Be6+ Kh8 27. Qxa6 Qxc3
28. b5 Nh5 29. Ra3 Qc4 30. Rg1 Bh4 31. b6 Qxa6 32. Rxa6 Bf2 33. Rd1 e3 34. Bg4
Ng3+ 35. Kh2 e2 36. Bxe2 Nxe2 37. Ba3 Bg3+ 38. Kh1 Bxf4 39. Rb1 Nc3 40. Rb3 Bg3
0-1

[Event "First Saturday 2008 oktober FM-A"]
[Site "?"]
[Date "2008.10.07"]
[Round "4"]
[White "Cox, Tristan A"]
[Black "Torok, Tamas Titusz"]
[Result "1/2-1/2"]
[WhiteElo "2133"]
[BlackElo "2109"]
[PlyCount "55"]
[EventDate "2008.10.04"]

1. Nf3 d6 2. d4 Bg4 3. c4 Bxf3 4. exf3 e5 5. dxe5 dxe5 6. Qxd8+ Kxd8 7. Nc3 c6
8. f4 f6 9. fxe5 fxe5 10. f4 Bd6 11. fxe5 Bxe5 12. Bg5+ Nf6 13. O-O-O+ Nbd7 14.
Bd3 Kc7 15. Rhe1 Rae8 16. Bf5 Bxh2 17. Ne4 h6 18. Nxf6 Nxf6 19. Bxf6 gxf6 20.
Rd7+ Kb8 21. Red1 Bc7 22. Rf7 Rhf8 23. Rdd7 Rxf7 24. Rxf7 Be5 25. Kc2 a5 26.
Rh7 Bf4 27. Bd3 Ka7 28. a3 1/2-1/2

[Event "First Saturday 2008 oktober FM-A"]
[Site "?"]
[Date "2008.10.07"]
[Round "4"]
[White "Ignacz, Rozsa"]
[Black "Csapo, Zoltan"]
[Result "1/2-1/2"]
[WhiteElo "2061"]
[BlackElo "2107"]
[PlyCount "81"]
[EventDate "2008.10.04"]

1. d4 Nf6 2. c4 g6 3. Nc3 Bg7 4. e4 d6 5. Be2 O-O 6. Nf3 c5 7. dxc5 dxc5 8.
Qxd8 Rxd8 9. Be3 b6 10. O-O Nc6 11. Ne1 Ng4 12. Nc2 Nxe3 13. Nxe3 Nd4 14. Bd3
Bb7 15. Rad1 Rd7 16. f4 Rad8 17. Bb1 e6 18. e5 Bh6 19. Rde1 Nf5 20. g4 Nxe3 21.
Rxe3 Rd2 22. Be4 Bxe4 23. Nxe4 Rxb2 24. Nf6+ Kf8 25. g5 Rdd2 26. Rh3 Bg7 27. a3
h5 28. Ne4 Rd4 29. Nd6 Ke7 30. Rhf3 Kd7 31. Rc1 Rdd2 32. h3 Bf8 33. Nxf7 b5 34.
cxb5 Rg2+ 35. Kf1 Rh2 36. Rd1+ Kc7 37. Kg1 c4 38. Nd6 Rbg2+ 39. Kf1 Rc2 40. Kg1
Rcg2+ 41. Kf1 1/2-1/2

[Event "First Saturday 2008 oktober FM-A"]
[Site "?"]
[Date "2008.10.07"]
[Round "4"]
[White "Jensen, Leif"]
[Black "Tesik, Csaba"]
[Result "0-1"]
[WhiteElo "2036"]
[BlackElo "2093"]
[PlyCount "60"]
[EventDate "2008.10.04"]

1. e4 e5 2. Nc3 Nf6 3. f4 d5 4. fxe5 Nxe4 5. Nf3 Bc5 6. d4 Bb4 7. Qd3 c5 8. Bd2
Bg4 9. Nxe4 dxe4 10. Qxe4 Bxf3 11. gxf3 Bxd2+ 12. Kxd2 Qa5+ 13. Kd1 Nc6 14. d5
O-O-O 15. c4 Nd4 16. f4 f6 17. Rg1 g6 18. Rg3 Rhe8 19. Kc1 Nc6 20. Ra3 Qb4 21.
Rb3 Qa5 22. Rb5 Qa4 23. Rxc5 Kb8 24. e6 a6 25. f5 Ne5 26. Qe1 b6 27. Rc6 Nxc6
28. dxc6 Qxc6 29. b3 gxf5 30. Qg3+ Qd6 0-1

[Event "First Saturday 2008 oktober FM-A"]
[Site "?"]
[Date "2008.10.07"]
[Round "4"]
[White "Lantos, Attila"]
[Black "Henrichsen, Jens"]
[Result "0-1"]
[WhiteElo "1957"]
[BlackElo "1987"]
[PlyCount "102"]
[EventDate "2008.10.04"]

1. e4 c5 2. Nf3 d6 3. Nc3 Nf6 4. d4 cxd4 5. Nxd4 a6 6. Bg5 e6 7. f4 Be7 8. Qf3
Qc7 9. O-O-O Nbd7 10. Kb1 b5 11. Bd3 Bb7 12. Qh3 b4 13. Na4 Nc5 14. Nxc5 dxc5
15. Nxe6 fxe6 16. e5 Nd5 17. Qxe6 Qb6 18. Qxb6 Nxb6 19. h4 Rd8 20. b3 Nd5 21.
f5 Nc3+ 22. Kc1 Nxd1 23. Kxd1 Bxg2 24. Rg1 Bf3+ 25. Kd2 Bxg5+ 26. Rxg5 Kf7 27.
Ke3 Bd5 28. Kf4 Rb8 29. Be2 Rhd8 30. Rg3 Kf8 31. e6 Rb7 32. Ke5 Bc6 33. Bc4 Rd4
34. h5 h6 35. Rg6 Be8 36. Rg3 Bxh5 37. Bxa6 Ra7 38. Bc4 Rg4 39. Rh3 Be8 40. Kd6
Rxc4 41. bxc4 Rxa2 42. Kxc5 Rxc2 43. Kxb4 Rf2 44. Kc5 Ke7 45. Rg3 Rxf5+ 46. Kb6
g5 47. c5 Rf6 48. Kc7 Rxe6 49. Ra3 Rc6+ 50. Kb8 Rxc5 51. Ra7+ Bd7 0-1

[Event "First Saturday 2008 oktober FM-A"]
[Site "?"]
[Date "2008.10.07"]
[Round "4"]
[White "Cilia Vincenti, David"]
[Black "Borda, Lajos"]
[Result "1/2-1/2"]
[WhiteElo "2108"]
[BlackElo "2167"]
[PlyCount "86"]
[EventDate "2008.10.04"]

1. d4 Nf6 2. c4 e6 3. Nc3 Bb4 4. f3 c5 5. d5 d6 6. e4 Bxc3+ 7. bxc3 e5 8. Bd3
Nh5 9. Ne2 g5 10. h4 gxh4 11. g4 Nf4 12. Nxf4 exf4 13. Bxf4 Qf6 14. Qd2 h6 15.
O-O-O Nd7 16. g5 hxg5 17. Bxg5 Qg7 18. Bxh4 Ne5 19. Be2 b5 20. cxb5 a6 21. Qg5
Qxg5+ 22. Bxg5 Rg8 23. Bf4 axb5 24. Bxe5 dxe5 25. Bxb5+ Bd7 26. Bc4 Ra3 27. Kb2
Ra4 28. Bb3 Ra6 29. Rd2 Rf6 30. Bd1 Bb5 31. Ka1 Kd7 32. Rb2 Ba6 33. Rbh2 Bc4
34. a4 Ra8 35. Rb2 Kc7 36. Kb1 Bd3+ 37. Ka2 Bc4+ 38. Ka3 Rg8 39. Rh5 Rg1 40.
Bb3 Rxf3 41. Bxc4 Rxc3+ 42. Bb3 Ra1+ 43. Ra2 Rb1 1/2-1/2

[Event "First Saturday 2008 oktober FM-A"]
[Site "?"]
[Date "2008.10.08"]
[Round "5"]
[White "Borda, Lajos"]
[Black "Yefimov, Mstislav"]
[Result "1/2-1/2"]
[WhiteElo "2167"]
[BlackElo "1978"]
[PlyCount "70"]
[EventDate "2008.10.04"]

1. d4 d5 2. a3 Nf6 3. e3 c6 4. c4 a6 5. c5 Bf5 6. Bd3 Bxd3 7. Qxd3 e6 8. Nc3
Nbd7 9. f4 b6 10. b4 Be7 11. Nf3 O-O 12. O-O Qc7 13. Bd2 a5 14. Ne5 Nxe5 15.
fxe5 Nd7 16. e4 axb4 17. axb4 bxc5 18. bxc5 Nxc5 19. dxc5 Bxc5+ 20. Kh1 Qxe5
21. Bf4 Qh5 22. Ra6 Rxa6 23. Qxa6 Bd4 24. Bd6 Rd8 25. Qxc6 Bxc3 26. Qxc3 dxe4
27. Qc7 Re8 28. Qc6 f5 29. Be5 h6 30. Rb1 Qf7 31. h3 Kh7 32. Kh2 Re7 33. Rb8
Ra7 34. Qc8 Kg6 35. Qc5 Qe7 1/2-1/2

[Event "First Saturday 2008 oktober FM-A"]
[Site "?"]
[Date "2008.10.08"]
[Round "5"]
[White "Henrichsen, Jens"]
[Black "Cilia Vincenti, David"]
[Result "0-1"]
[WhiteElo "1987"]
[BlackElo "2108"]
[PlyCount "136"]
[EventDate "2008.10.04"]

1. d4 d5 2. c4 dxc4 3. Nf3 Nf6 4. e3 e6 5. Bxc4 c5 6. O-O a6 7. Qe2 b5 8. Bd3
cxd4 9. exd4 Be7 10. a4 bxa4 11. Rxa4 Bd7 12. Ra1 a5 13. Nc3 O-O 14. Bg5 Nc6
15. Rfd1 Nb4 16. Bb5 h6 17. Bxd7 Qxd7 18. Ne5 Qb7 19. Bh4 Nfd5 20. Bxe7 Qxe7
21. Nxd5 exd5 22. Qb5 Rfb8 23. Qd7 Qxd7 24. Nxd7 Rb5 25. h3 Rd8 26. Ne5 f6 27.
Ng4 Rc8 28. Rd2 Rc2 29. Rad1 Rxd2 30. Rxd2 Nc6 31. Nh2 Rb4 32. Nf3 a4 33. Kf1
Na5 34. Rc2 Nc4 35. Nd2 Rxb2 36. Rxb2 Nxb2 37. Nb1 Nc4 38. Ke2 Kf7 39. Kd3 Ke6
40. Nc3 Nb6 41. g3 h5 42. f3 Kf5 43. Nd1 h4 44. Ne3+ Kg6 45. g4 Kg5 46. Ng2 Nc4
47. f4+ Kh6 48. Kc3 g5 49. f5 Kg7 50. Kb4 a3 51. Kb3 Kf7 52. Ne1 Ke7 53. Nc2
Kd6 54. Nxa3 Nd2+ 55. Kc2 Nf3 56. Nb5+ Kc6 57. Nc3 Ng1 58. Kd3 Nxh3 59. Ke3 Nf4
60. Nd1 Kb5 61. Nf2 Kc4 62. Nh1 Kc3 63. Nf2 Ng2+ 64. Kf3 Ne1+ 65. Ke2 Nc2 66.
Nh3 Kxd4 67. Nxg5 fxg5 68. f6 Ke5 0-1

[Event "First Saturday 2008 oktober FM-A"]
[Site "?"]
[Date "2008.10.08"]
[Round "5"]
[White "Tesik, Csaba"]
[Black "Lantos, Attila"]
[Result "1-0"]
[WhiteElo "2093"]
[BlackElo "1957"]
[PlyCount "73"]
[EventDate "2008.10.04"]

1. e4 Nc6 2. d4 e5 3. Nf3 exd4 4. Bc4 Nf6 5. e5 d5 6. Bb5 Ne4 7. Nxd4 Bd7 8.
Bxc6 bxc6 9. O-O Qh4 10. Be3 Rb8 11. f3 Ng5 12. Nb3 Qh5 13. Qd2 Be7 14. Nc3 h6
15. Rae1 O-O 16. Bxa7 Rxb3 17. axb3 Ne6 18. f4 g5 19. Ne2 gxf4 20. Nxf4 Nxf4
21. Qxf4 Bg5 22. Qg3 Kh8 23. e6 Be8 24. Bd4+ f6 25. Qxc7 Qg4 26. c3 Rg8 27.
Rxf6 Be3+ 28. Rf2+ Bxd4 29. cxd4 Qxd4 30. Qe5+ Qxe5 31. Rxe5 Kg7 32. e7 Bg6 33.
Re6 Be8 34. Ref6 d4 35. Rf8 d3 36. Rxg8+ Kxg8 37. Rf8+ 1-0

[Event "First Saturday 2008 oktober FM-A"]
[Site "?"]
[Date "2008.10.08"]
[Round "5"]
[White "Csapo, Zoltan"]
[Black "Jensen, Leif"]
[Result "1-0"]
[WhiteElo "2107"]
[BlackElo "2036"]
[PlyCount "77"]
[EventDate "2008.10.04"]

1. e4 e6 2. d4 d5 3. Nd2 dxe4 4. Nxe4 Nd7 5. Bd3 Ngf6 6. Qe2 Nxe4 7. Bxe4 c5 8.
Nf3 Nf6 9. Bg5 Be7 10. Bd3 O-O 11. O-O-O Qa5 12. dxc5 Qxa2 13. c3 Qa5 14. b4
Qa1+ 15. Kc2 Qa2+ 16. Kc1 Qa1+ 17. Kc2 Qa2+ 18. Kc1 Qa1+ 19. Kd2 Qb2+ 20. Ke1
Qxc3+ 21. Bd2 Qb3 22. h4 Rd8 23. Ne5 Bd7 24. Rh3 Qa4 25. g4 Bc6 26. g5 Rxd3 27.
Qxd3 Ne4 28. Nxc6 Qxc6 29. Be3 f5 30. Qd7 Kf8 31. Qxc6 bxc6 32. Bd4 h6 33. f3
Nxg5 34. hxg5 Bxg5 35. Be5 Be7 36. f4 a5 37. Ra3 g5 38. Bd6 gxf4 39. Rxa5 1-0